000 00318nam a22001337a 4500
020 _a978-96-80081-23-6
082 _a305.6297054 BAH
100 _aBahauddin K.M.
245 _aKerala Muslim History: A Revisit
260 _aKerala
_bOther Books
_c2012
300 _a253
650 _aMuslim-India-Kerala
942 _cBK
999 _c20723
_d20723